All champions League of legends 2021 - Statistics

General Stats
  • This quiz has been taken 4,399 times
    2,491 since last reset
  • The average score is 99 of 160
Answer Stats
Champion Letter % Correct
Aatrox A
92%
Ahri A
85%
Yasuo Y
85%
Akali A
83%
Darius D
82%
Vi V
82%
Yone Y
82%
Annie A
80%
Alistar A
79%
Ashe A
79%
Garen G
79%
Amumu A
77%
Brand B
77%
Lux L
77%
Anivia A
76%
Blitzcrank B
76%
Caitlyn C
76%
Zed Z
76%
Bard B
75%
Braum B
75%
Jinx J
75%
Warwick W
75%
Aurelion Sol A
74%
Azir A
74%
Draven D
72%
Katarina K
72%
Akshan A
71%
Ezreal E
71%
Irelia I
70%
Lulu L
70%
Xerath X
70%
Heimerdinger H
69%
Kai'sa K
69%
Hecarim H
68%
Miss Fortune M
68%
Teemo T
68%
Aphelios A
67%
Jhin J
67%
Lucian L
67%
Samira S
67%
Yuumi Y
67%
Ekko E
66%
Master Yi M
66%
Morgana M
66%
Ornn O
66%
Cho'gath C
65%
Fizz F
65%
Renekton R
65%
Sylas S
65%
Tristana T
65%
Fiora F
64%
Gangplank G
64%
Janna J
64%
Kha'zix K
64%
Leona L
64%
Nasus N
64%
Pyke P
64%
Rakan R
64%
Urgot U
64%
Xayah X
64%
Bel'Vet B
63%
Evelynn E
63%
Gragas G
63%
Qiyana Q
63%
Senna S
63%
Viego V
63%
Yorick Y
63%
Corki C
62%
Galio G
62%
Graves G
62%
Jax J
62%
Kalista K
62%
Lee Sin L
62%
Malphite M
62%
Nautilus N
62%
Diana D
61%
Ivern I
61%
Kayn K
61%
Nami N
61%
Quinn Q
61%
Vayne V
61%
Xin Zhao X
61%
Illaoi I
60%
Jarvan IV J
60%
Jayce J
60%
Kassadin K
60%
Mordekaiser M
60%
Vel'koz V
60%
Volibear V
60%
Zeri Z
60%
Zyra Z
60%
Dr. Mundo D
59%
Lissandra L
59%
Olaf O
59%
Pantheon P
59%
Thresh T
59%
Udyr U
59%
Varus V
59%
Veigar V
59%
Zac Z
59%
Camille C
58%
Elise E
58%
Orianna O
58%
Rengar R
58%
Seraphine S
58%
Soraka S
58%
Viktor V
58%
Fiddlesticks F
57%
Gnar G
57%
Syndra S
57%
Sett S
56%
Ziggs Z
56%
Zoe Z
56%
Cassiopeia C
55%
Karthus K
55%
Kayle K
55%
Maokai M
55%
Rammus R
55%
Rek'sai R
55%
Sion S
55%
Swain S
55%
Tryndamere T
55%
Vex V
55%
Karma K
54%
Poppy P
54%
Twisted Fate T
54%
Twitch T
54%
Sejuani S
53%
Sona S
53%
Taric T
53%
Gwen G
52%
Kogmaw K
52%
Neeko N
52%
Nidalee N
52%
Rumble R
52%
Shen S
52%
Sivir S
52%
Zilean Z
52%
Malzahar M
51%
Ryze R
51%
Shaco S
51%
Singed S
51%
Talon T
51%
Trundle T
51%
Wukong W
51%
Leblanc L
50%
Lillia L
50%
Nocturne N
50%
Nunu & Willump N
50%
Kennen K
49%
Vladimir V
49%
Renata Glasc R
48%
Riven R
48%
Tahm Kench T
48%
Kindred K
46%
Kled K
46%
Taliyah T
46%
Shyvana S
44%
Skarner S
44%
Rell R
43%
No matching quizzes found
Score Distribution
Percent of People with Each Score
Percentile by Number Answered
Your Score History
You have not taken this quiz since the last reset